000 01536nam a22001577a 4500
041 _aukr
080 _a09
090 _bВОЙ
100 _aВойтко, Д. І.
245 _aЛексико-стилістичний аналіз роману Кена Кізі "Політ над зозулиним гніздом"
260 _aОстрог
_bКАФ
_c2014
300 _a78
520 _aВступ. Розділ І. Лексико-стилістичні характеристики художнього стилю. 1.1. Лексичні особливості 1.2. Стильові особливості 1.3. Лексико-стилістичні особливості американської літературної традиції доби бітників Розділ ІІ. Лексико-стилістичні аналіз твору Кена Кізі "Політ над зозулиним гніздом". 2.1. Функціональні особливості тексту 2.2. лексичні засоби виразності 2.3. Лексико-семантичний аспект функціонування мовних одиниць 2.4. Характеристика стилістичних засобів у романі 2.5. Синтаксичний аспект фукціонування мовних одиниць Висновки. Список використаної літератури. Додатки.
_0художній стиль, К. Кізі
650 _aResearch Papers
999 _c285373
_d285373
942 _cBK